El amor, un embeleco del alma y doce epitafios / (Registro nro. 6774)

Detalles MARC
000 -LEADER
fixed length control field 01632cam a2200265 i 4500
005 - DATE AND TIME OF LATEST TRANSACTION
control field 20250329170351.0
007 - PHYSICAL DESCRIPTION FIXED FIELD--GENERAL INFORMATION
fixed length control field ta
008 - FIXED-LENGTH DATA ELEMENTS--GENERAL INFORMATION
fixed length control field 230116s2022 ck gr 000 0 spa
020 ## - INTERNATIONAL STANDARD BOOK NUMBER
International Standard Book Number 978-958-5114-33-3
040 ## - CATALOGING SOURCE
Original cataloging agency CO-ctgCURN
Language of cataloging spa
Transcribing agency coctgcurn
041 0# - LANGUAGE CODE
Language code of text/sound track or separate title spa
082 04 - DEWEY DECIMAL CLASSIFICATION NUMBER
Classification number 863.5
Item number P426
100 1# - MAIN ENTRY--PERSONAL NAME
Personal name Pérez Márquez, Fabio.
245 13 - TITLE STATEMENT
Title El amor, un embeleco del alma y doce epitafios /
Statement of responsibility, etc. Fabio Pérez Márquez, Yanina Castro Díaz.
260 ## - PUBLICATION, DISTRIBUTION, ETC.
Place of publication, distribution, etc. Cartagena :
Name of publisher, distributor, etc. Universidad de San Buenaventura,
Date of publication, distribution, etc. 2022.
300 ## - PHYSICAL DESCRIPTION
Extent 89 páginas ;
Dimensions 21 cm.
505 2# - FORMATTED CONTENTS NOTE
Formatted contents note 1.Dunedin -- 2.El vuelo -- 3.Bangkok -- 4.La costumbre -- 5.Un nuevo día -- 6.El inicio -- 7.El intérprete -- 8.Una resaca emocional -- 9.La iluminación de Buda -- 10.El legado de un Rey -- 11.Nada es lo que parece -- 12.Juegos macabros -- 15.Implicados -- 16.Cuando amar duele -- 17.La carta -- 18.Una larga noche -- 19.Confesiones -- 20.Sin respuesta.
520 8# - SUMMARY, ETC.
Summary, etc. Cuando dos individuos diametralmente opuestos se encuentran y cuya única relación es la desgracia, tarde o temprano se estrellarán con otra situación que posteriormente los separará. Porque al final, las personas que suelen darlo todo se convierten en simples vendedores de ilusiones de lo que solían ser y ya no pueden; sencillamentehan quedado sin nada, solo con un enorme vacío que muy difícilmente pueden llenar.
650 14 - SUBJECT ADDED ENTRY--TOPICAL TERM
Topical term or geographic name entry element Cuentos colombianos.
650 24 - SUBJECT ADDED ENTRY--TOPICAL TERM
Topical term or geographic name entry element Relaciones interpersonales.
700 1# - ADDED ENTRY--PERSONAL NAME
Personal name Castro Díaz, Yanina.
700 1# - ADDED ENTRY--PERSONAL NAME
Personal name Pérez Márquez, Fabio.
942 ## - ADDED ENTRY ELEMENTS (KOHA)
Source of classification or shelving scheme Dewey Decimal Classification
Institution code [OBSOLETE] CTG
Classification part 863.5
Item part P426
-- 863.5 P426
Existencias
Withdrawn status Lost status Source of classification or shelving scheme Damaged status Not for loan Collection Home library Current library Shelving location Date acquired Cost, normal purchase price Inventory number Total checkouts Full call number Barcode Date last seen Copy number Price effective from Koha item type Public note
    Dewey Decimal Classification     Cartagena Miguel Henríquez Castañeda Miguel Henríquez Castañeda Cartagena 04/26/2025 60000.00 024722   863.5 P426 024722   ej.1 04/26/2025 Cartagena 860-LITEP